Städte, die nach Bevölkerung den Berliner Bezirken entsprechen - Statistiken

Allgemein
  • Dieses Quiz wurde 80 mal gespielt
  • Das Durchschnittsergebnis liegt bei 8 aus 12
Antwortstatistiken
Bezirk Land Stadt % Korrekt
Spandau SH Kiel
83%
Friedrichshain-Kreuzberg BY Augsburg
76%
Tempelhof-Schöneberg NW Bielefeld
71%
Treptow-Köpenick HE Wiesbaden
71%
Charlottenburg-Wilmersdorf NW Bonn
69%
Steglitz-Zehlendorf BW Mannheim
69%
Pankow NW Bochum
67%
Lichtenberg BW Karlsruhe
67%
Mitte NW Wuppertal
67%
Reinickendorf NW Gelsenkirchen
64%
Neukölln NW Münster
60%
Marzahn-Hellersdorf NW Mönchengladbach
50%
Keine übereinstimmenden Quizze gefunden
Verteilung der Resultate
Anzahl Personen mit jedem Resultat
Perzentil nach korrekt beantworteten Fragen
Ihre Resultats-Entwicklung
Sie haben dieses Quiz noch nicht gespielt